Le Soudan-du-Sud pour les touristes... - Facile - Statistiques

Statistiques générales
  • Ce quiz a été pris 3 fois
  • Le résultat moyen est 10 sur 20
Statistiques - réponses
Question Indice Réponses Indice facile % Correct
Ce pays est plus grand que la France (oui/non) Oui
100%
Quel est le régime du pays ? R République
100%
Quel pays a accordé son indépendance à celui-ci ? Soudan
100%
Quelle est la langue officielle ? Anglais
67%
Quelles sont les principaux lieux touristiques ? C {Cathédrale} de Tous les Saints RATLHEDAEC
67%
La religion majoritaire est Christianisme C
67%
Achats à faire 1/ Bracelet ou Collier CLEORLI
67%
Le principal aéroport est D Djouba
67%
Quelles sont les principaux lieux touristiques ? N {Nil} blanc LIN
67%
Achats à faire 2/ Arme blanche Sabre BRASE
67%
Achats à faire 4/Robe féminine Toube BOUTE
67%
Quel est le climat local ? T Tropical
67%
Dans la capitale quel est le décalage horaire avec Paris ? (+ ou - et chiffre) ex - 10 ou + 3,5 0
33%
Quelles sont les principaux lieux touristiques ? K Djebel {Kujur} JUKRU
33%
Achats à faire 3/ Grands paniers SEAIPNR
33%
Le suffixe internet est ss
33%
Quelle est la monnaie ? Livre sud-soudanaise £
0%
Quelles sont les principaux lieux touristiques ? K K Marché de {Konyo konyo} YKONKONYOO
0%
Quelles sont les principaux lieux touristiques ? M Marché {Massaï} de Djouba SAAMSI
0%
Code sur les plaques minéralogiques SSD
0%
Aucun quiz correspondant
Distribution des résultats
% des personnes avec chaque résultat
Percentile par nombre de réponses
Votre historique - résultats
Vous n’avez pas pris ce quiz